000 00976nam a22002537a 4500
005 20170124102940.0
010 _aB-157936
020 _c200.00
_a8170166713
035 _aB-157936
037 _bCen Lib/Ret
040 _aDPL
_bHN
082 _a822
_bसरता
100 _aसरताज, बनो
_963804
245 _aतीस एकांकी /
_cसरताज बानो
246 _aTees ekanki /
_bby Bano Sartaj
260 _aनई दिल्ली
_bकिताब घर
_c2005
270 _bनई दिल्ली
_a24/4855, अंसारी रोड, दरियागंज
_e110002
300 _a270पृ.
_c20मी(सजिल्द)
650 _aहिन्दी साहित्य
_963805
650 _aहिन्दी साहित्य -- नाटक
_946022
650 _aHindi literature
_963806
650 _aHindi literature -- Drama
_963807
942 _2ddc
_cHN
_h822
_mसरता
999 _c112522
_d112522